Chanteurs francophones par images - Statistiques

Statistiques générales
  • Ce quiz a été pris 98 fois
    51 depuis la dernière actualisation
  • Le résultat moyen est 26 sur 43
Statistiques - réponses
Par images Hint Réponse % Correct
1961 Florent Pagny
98%
1982 Julien Doré
91%
1962 Marc Lavoine
89%
1985 M Pokora
89%
1965 Pascal Obispo
89%
1991 Vianney
89%
1996 Kendji Girac
84%
1972 Garou
82%
1983 Keen'V
82%
1960 Yannick Noah
82%
1984 Amir
80%
1975 Christophe Maé
80%
1971 Calogero
78%
1993 SCH
78%
1989 Slimane
78%
1976 Booba
73%
1969 Patrick Fiori
73%
2002 Pierre Garnier
71%
1992 Vald
71%
1981 La Fouine
62%
1979 Grégoire
60%
2000 Koba LaD
60%
1974 Doc Gynéco
56%
1986 Sofiane
56%
1997 PLK
53%
1966 David Hallyday
51%
1998 Gambi
51%
1995 Maes
51%
1994 Gazo
49%
1990 Jérémy Frérot
49%
1978 Faudel
47%
1999 Tiakola
47%
1973 Benjamin Biolay
44%
2001 Pierre de Maere
40%
1977 Kery James
38%
1968 Akhenaton
33%
1963 Roch Voisine
33%
1987 Florian Delavega
31%
1970 Sinclair
29%
1980 Renan Luce
27%
1964 Bertrand Cantat
24%
1988 Quentin Mosimann
24%
1967 Gérald De Palmas
20%
Aucun quiz correspondant
Distribution des résultats
% des personnes avec chaque résultat
Percentile par nombre de réponses
Votre historique - résultats
Vous n’avez pas pris ce quiz depuis la dernière actualisation